000 00589nam a2200181Ia 4500
001 9460
005 20260306161720.0
008 260306t2015||||xx |||||||||||||| ||spa||
041 _aESP
082 _a379.1
_bI59A
100 _aInstituto de Democracia y Derechos Humanos
_eAUT
245 0 _aMemoria de la violencia en la escuela:
_buna propuesta pedagógica para el trabajo en el aula. Institución Educativa Aldea del Niño Beato Junípero Serra. Mazamari, Junín
260 _c2015
300 _a70 páginas :
_c20 cm.
650 _aGEN
654 _aCED
942 _cLIB
_dJUS
_fJUS
_2ddc
_n
999 _c9460
_d9460